| 000 | 01173nam a2200325 a 4500 | ||
|---|---|---|---|
| 001 | 000023429 | ||
| 005 | 20250501120733.0 | ||
| 008 | 101207s1992 ag a r 000 0 spa d | ||
| 020 | _a9500707667 | ||
| 040 |
_aDO-SdBNP _bspa _cBNPHU |
||
| 041 | 1 | 7 |
_aspa _heng _2Código de idiomas MARC |
| 082 |
_a333.72 _bB877s |
||
| 100 | 1 |
_aBrown, Lester R., _941968 |
|
| 240 | 1 | 0 |
_aState of the world. 1992. _lEspañol. |
| 245 | 1 | 3 |
_aLa situación en el mundo : _b1992 / _cLester R. Brown, Christopher Flavin y Sandra Postel. |
| 260 |
_aBuenos Aires : _bSudamericana, _c1992. |
||
| 300 |
_a370, [5] p. : _bil. ; _c22 cm. |
||
| 504 | _aIncluye referencias bibliográficas y notas al pie de las páginas. | ||
| 534 |
_pTítulo original en inglés: _tState of the world. 1992. |
||
| 650 | 0 |
_aBiodiversidad _947211 |
|
| 650 | 0 |
_aConservación de los recursos naturales _91562 |
|
| 650 | 0 |
_aDemografía _945443 |
|
| 650 | 4 |
_aProtección del medio ambiente _94185 |
|
| 650 | 4 |
_aReproducción humana _92377 |
|
| 650 | 4 |
_aImpacto ambiental _922172 |
|
| 700 | 1 |
_aBrown, Lester R., _941968 |
|
| 700 | 1 |
_aFlavin, Christopher, _948279 |
|
| 700 | 1 |
_aPostel, Sandra, _948280 |
|
| 049 | _aBNGR | ||
| 999 |
_c22926 _d22926 |
||